000 00272nam a22001217a 4500
008 170927b xxu||||| |||| 00| 0 eng d
041 _aeng
080 _22ND
_a37
100 _a47
101 _aEDU
245 _aA HISTORY OF ENGLISH LANGUAGE
_cBAUGH,A.C
942 _2udc
_cBK
999 _c30234
_d30234